000 00811cam a22001934a 4500
005 20250605164000.0
008 250528s ||||||||||||||||||||||||d
035 _a15606
020 _a78815479
040 _aGR-AtMCL
_bgre
_dGR-AtMCL
_eAACR2
245 1 _aParadox 3 Made Easy
260 _bBorland-Osborne/McGraw Hill,
_c1989
300 _a396
520 _aIntroduction, What is Paradox, Database Design, Getting Started, Managing Your Database, Using Custom Forms, The Power of Ask, Introducing Reports, Presentation Graphics, Using the relational Powers of Paradox, The Power of Scripts, Managing Files, Advanced Report Topics, Using the Personal Programmer, Networking with Paradox, Sample Applications, Index.
700 1 _aJones Edward
_91572
942 _cBK
999 _c1176
_d1176